TCI the business of entertainment technology & design.

Detalles Bibliográficos
Nuevo Título:Entertainment design (Online)
Título anterior:Theatre crafts
Theatre crafts international
Formato: Electrónico Revista
Lenguaje:inglés
Publicado: New York, N.Y. : Theatre Crafts Associates
Materias:
Acceso en línea:Full text available from Research Library: 08/01/1992 to 12/31/1998

MARC

LEADER 00000nas a22000007a 4500
001 ssj0000123
003 WaSeSS
005 20200512172242.0
006 m d
007 cr n
008 050614d19921998nyumn p s 0 a0eng d
010 |a  2011200761 
022 |a 2162-1144  |y 1063-9497 
035 |a (WaSeSS)ssj0000123 
040 |a OCLCS  |b eng  |c OCLCS  |d Z5A  |d OCLCQ  |d TXJ  |d CO3  |d OCLCQ  |d OCLCE  |d DLC  |d OCLCQ  |d COO  |d OCLCF  |d OCLCO  |d OCLCQ  |d WaSeSS 
042 |a msc  |a nsdp 
050 1 4 |a PN2000  |b .T48 
082 1 0 |a 792  |2 14 
130 0 |a TCI (Online) 
222 0 |a TCI  |b (New York, N.Y. Online) 
245 1 0 |a TCI  |h [electronic resource] :  |b the business of entertainment technology & design. 
246 1 3 |a Theatre crafts international 
260 |a New York, N.Y. :  |b Theatre Crafts Associates 
310 |a Monthly (except combined issue in Aug./Sept.),  |b -Dec. 1998 
321 |a Monthly (except combined issues in June/July & Aug./Sept.), Aug./Sept. 1992- 
362 1 |a Print began with v. 26, no. 7 (Aug./Sept. 1992); ceased with v. 32, no. 11 (Dec. 1998). 
500 |a Published by: Primedia Intertec, -Dec. 1998. 
506 |a License restrictions may limit access. 
515 |a Continues the volume and issue numbering of: Theatre crafts. 
515 |a Issue for Oct. 1992 misnumbered v. 27, no. 8 but constitutes v. 26, no. 8; issue for June 1998 misnumbered v. 31, no. 6 but constitutes v. 32, no. 6. 
538 |a Mode of access: World Wide Web. 
580 |a Formed by the union of: Theatre crafts; and: Theatre crafts international. 
580 |a June/July issue each year is titled: Industry resources; Dec. issue each year is titled: TCI buyer's guide. 
588 |a Description based on: Vol. 26, no. 1 (Jan. 1992); title from caption (International Index to Performing Arts website, viewed June 27, 2011). 
588 |a Latest issue consulted: Vol. 32, no. 11 (Dec. 1998). 
650 0 |a Theater  |v Periodicals. 
650 0 |a Motion pictures  |x Setting and scenery  |v Periodicals. 
650 7 |a Motion pictures  |x Setting and scenery.  |2 fast  |0 (OCoLC)fst01027381 
650 7 |a Theater.  |2 fast  |0 (OCoLC)fst01149217 
650 1 7 |a Uitvoerende kunsten.  |2 gtt 
655 0 |a Electronic journals. 
730 0 |a Industry resources. 
730 0 |a TCI buyer's guide. 
770 1 |t Industry resources 
770 1 |t TCI buyer's guide 
776 1 |t TCI  |x 1063-9497  |w (DLC) 93645678  |w (OCoLC)26180112 
780 1 4 |t Theatre crafts 
780 1 4 |t Theatre crafts international 
785 0 0 |t Entertainment design (Online)  |x 2162-1136  |w (DLC) 2011200760  |w (OCoLC)44699379 
856 4 0 |z Full text available from Research Library: 08/01/1992 to 12/31/1998  |u https://search.proquest.com/publication/24971